| 000 | 00949nas a2200277 4500 | ||
|---|---|---|---|
| 001 | BR8801183 | ||
| 003 | BR-BrBNA | ||
| 005 | 20231205091049.0 | ||
| 007 | ta | ||
| 008 | 230509b bl.|||p| |||| 00| 00por d | ||
| 040 |
_aBR-BrBNA _bpor _cBiblioteca Nacional de Agricultura |
||
| 041 | _a(Pt) | ||
| 072 | _aH10; H20 | ||
| 110 | 1 | _aBayer do Brasil S.A., Sao Paulo, SP (Brasil). Secao Assistencia Tecnica | |
| 245 | 1 | _aUm so controle para dois serios problemas [cafe, bicho mineiro, ferrugem, Disyton, Bayleton, Hemileia vastatrix, Perileucoptera coffeella] | |
| 246 | 1 | _a[One only control for two serious problems] | |
| 650 | _aCAFE | ||
| 650 | _aBICHO MINEIRO | ||
| 650 | _aFERRUGEM | ||
| 650 | _aCONTROLE QUIMICO | ||
| 650 | _aINSETICIDA | ||
| 650 | _aFUNGICIDA SISTEMICO | ||
| 773 | 0 |
_tCorreio Agricola (Brazil) _xISSN 0100-3909 _g(1987), no. 3 p. 9-11 _wBR8801183 |
|
| 909 |
_a202311 _bLúcia _c55 _dLúcia Elande |
||
| 942 |
_2AGRIS _n0 _cANA |
||
| 999 |
_c122514 _d122514 |
||